| 000 | 00599nam a2200193 4500 | ||
|---|---|---|---|
| 005 | 20241022142241.0 | ||
| 010 | _aENG-142265 | ||
| 020 |
_c495.00 _a9789392930379 |
||
| 035 | _aEN-125797 | ||
| 037 | _bDBAD | ||
| 082 | _a158.1 | ||
| 100 |
_aModi, Lipika _973151 |
||
| 245 |
_aShadows And Spotlights _bLipika Modi |
||
| 250 | _aFirst | ||
| 260 |
_bNavshila Prakashan _aNangloi _c2022 |
||
| 270 |
_aA-75, Shriram Colony, Nilothi Extn _bNew Delhi _e110041 _mnavshilaprakashan@gmail.com _k09582969313 _k8527982752 |
||
| 300 |
_a128p. _c22cm(hb) |
||
| 942 |
_2ddc _cEN _h158.1 _mMOD _e2022 |
||
| 999 |
_c206570 _d206570 |
||